Reflexiones sobre la soberanía nacional / (Record no. 68316)

MARC details
000 -LEADER
fixed length control field 00695cam a2200217 4500
008 - FIXED-LENGTH DATA ELEMENTS--GENERAL INFORMATION
fixed length control field 1995 spa
020 ## - INTERNATIONAL STANDARD BOOK NUMBER
International Standard Book Number 968-810-511-2
050 #4 - LIBRARY OF CONGRESS CALL NUMBER
Classification number JC327
Item number V34 1995
100 1# - MAIN ENTRY--PERSONAL NAME
Personal name Vallarta , Ignacio L.
245 #0 - TITLE STATEMENT
Title Reflexiones sobre la soberanía nacional /
Statement of responsibility, etc Ignacio L. Vallarta ; Sergio González Gálvez, César Pérez Saavedra.
260 ## - PUBLICATION, DISTRIBUTION, ETC. (IMPRINT)
Place of publication, distribution, etc México :
Name of publisher, distributor, etc SRE,
Date of publication, distribution, etc 1995
300 ## - PHYSICAL DESCRIPTION
Extent 125 p. ;
Dimensions 23 cm.
440 #0 - SERIES STATEMENT/ADDED ENTRY--TITLE
Title Archivo Histórico Diplomático Mexicano
500 ## - GENERAL NOTE
General note 1 ejemplar
650 #4 - SUBJECT ADDED ENTRY--TOPICAL TERM
Topical term or geographic name as entry element Soberanía
700 1# - ADDED ENTRY--PERSONAL NAME
Personal name González Gálvez, Sergio,
Relator term comp.
700 1# - ADDED ENTRY--PERSONAL NAME
Personal name Pérez Saavedra, César, coomp.
942 ## - ADDED ENTRY ELEMENTS (KOHA)
Source of classification or shelving scheme Biblioteca del Cogreso de los Estados Unidos
Koha item type Libro
Holdings
Estado de pérdida Fuente de clasificación Estado del daño No para préstamo Ubicación permanente Ubicación actual Apartado o colección Fecha de adquisición Edición Dependencia de educación superior (DES) Área del conocimiento Clasificación Código de Barras Date last seen Número de copia Tipo de recurso
  Biblioteca del Cogreso de los Estados Unidos     Biblioteca del Instituto de Investigaciones Históricas Biblioteca del Instituto de Investigaciones Históricas General 08/10/2018 1a ed. Humanidades Ciencias Sociales y Administrativas JC327 V34 1995 IIH000026557 08/10/2018 C:1 Libro